000 01098nam a22002774c 4500
003 AR-BaSMT
008 250902t2025 aga|||ar|||| 00| 1 spa d
020 _a9786316592828
040 _aBSGB
_bespañol
_erda
041 1 _aspa
_hespañol
080 _a82-34
100 1 _aSerrano, Lucía
_9494
245 1 0 _aNos tratamos bien
250 _aprimera edición.
264 _aBuenos Aires :
_bBeascoa,
_c2025.
300 _a24 páginas :
_bIlustraciones a color, páginas de cartón.
336 _aTexto.
337 _aSin Mediación.
338 _aVolúmen.
520 1 _aEres una persona única en el mundo. Las niñas y los niños de tu clase también lo son. ¡Somo todos diferentes! Pero ¿sabes qué tenemos en común? Que a todas las personas nos gusta que nos traten bien. Y para ello hay ciertas cosas que debemos saber. Con este libro apenderás que tratarnos bien es la norma más importante del Planeta Tierra.
521 _aJardín
650 7 _98
_aLITERATURA INFANTIL
_vCuento
700 1 _aSerrano, Lucía
_eIlustradora
_9494
942 _2udc
_aBOOK
999 _c662
_d662